[Event "10th Novi Sad it"]
[Site "Novi Sad"]
[Date "1983.10.26"]
[EventDate "1983.10.22"]
[Round "5.1"]
[White "Petrovic, Vojislav"]
[Black "Bjelajac, Milan"]
[Result "0-1"]
[WhiteElo "2385"]
[BlackElo "2405"]
[PlyCount "56"]
[Source "Perpetual Check"]

1. e4 Nc6 2. Nf3 e5 3. Bb5 Nf6 4. O-O Nxe4 5. d4 Be7 6. Qe2 Nd6 7. Bxc6 bxc6 8.
dxe5 Nb7 9. Nd4 O-O 10. Rd1 Qe8 11. Nc3 f6 12. Re1 fxe5 13. Qxe5 Qf7 14. Nf3
Bd8 15. Bg5 d6 16. Qd4 h6 17. Bxd8 Nxd8 18. Qh4 Ne6 19. Re3 Rb8 20. b3 Nf4 21.
Re7 Qg6 22. Qg3 Qf6 23. Re3 Rb4 24. Nd2 Nd5 25. Rf3 Nxc3 26. Rxc3 Rg4 27. Qe3
d5 28. Rd3 Qxa1+ 0-1

[Event "10th Novi Sad it"]
[Site "Novi Sad"]
[Date "1983.10.26"]
[EventDate "1983.10.22"]
[Round "5.3"]
[White "Notaros, Krasoje"]
[Black "Sunye Neto, Jaime"]
[Result "1/2-1/2"]
[WhiteElo "2355"]
[BlackElo "2490"]
[PlyCount "46"]
[Source "Perpetual Check"]

1. Nf3 Nf6 2. g3 d5 3. c4 e6 4. Bg2 c5 5. cxd5 exd5 6. d4 Nc6 7. O-O Be7 8. Nc3
O-O 9. Bg5 c4 10. Ne5 Be6 11. b3 cxb3 12. Nxc6 bxc6 13. axb3 h6 14. Bxf6 Bxf6
15. Na4 Rb8 16. Nc5 a5 17. e3 Bf5 18. Qd2 Rb5 19. Rfc1 Qb6 20. Bf1 Rb4 21. Na4
Qb7 22. Nc5 Qb6 23. Na4 Qb7 1/2-1/2

[Event "10th Novi Sad it"]
[Site "Novi Sad"]
[Date "1983.10.26"]
[EventDate "1983.10.22"]
[Round "5.4"]
[White "Deze, Anton"]
[Black "Tringov, Georgi"]
[Result "1/2-1/2"]
[WhiteElo "2405"]
[BlackElo "2455"]
[PlyCount "27"]
[Source "Perpetual Check"]

1. d4 Nf6 2. c4 c5 3. d5 e6 4. Nc3 exd5 5. cxd5 d6 6. e4 g6 7. f3 Bg7 8. Bg5
O-O 9. Qd2 a6 10. a4 Nbd7 11. Nh3 Qc7 12. Nf2 Rb8 13. Qe2 c4 14. Be3 1/2-1/2

[Event "10th Novi Sad it"]
[Site "Novi Sad"]
[Date "1983.10.26"]
[EventDate "1983.10.22"]
[Round "5.5"]
[White "Makarichev, Sergei"]
[Black "Jevtic, Miodrag"]
[Result "1-0"]
[WhiteElo "2510"]
[BlackElo "2270"]
[PlyCount "79"]
[Source "Perpetual Check"]

1. e4 c5 2. Nf3 d6 3. d4 cxd4 4. Nxd4 Nf6 5. Nc3 g6 6. g3 Nc6 7. Bg2 Nxd4 8.
Qxd4 Bg7 9. O-O O-O 10. h3 Be6 11. Qd1 Qa5 12. Nd5 Bxd5 13. exd5 Rac8 14. c3
Qb5 15. Re1 Rfe8 16. a4 Qa5 17. Bf4 Nd7 18. h4 Ne5 19. Bh3 Rcd8 20. h5 Nc4 21.
Re2 Ne5 22. Re4 Nd7 23. Bxd7 Rxd7 24. Qd2 e5 25. dxe6 Rxe6 26. Rae1 Qf5 27. Rc4
Rd8 28. Rxe6 Qxe6 29. Rc7 d5 30. h6 Bf6 31. Qe3 Qf5 32. Rxb7 g5 33. Rb8 Qd7 34.
Rxd8+ Qxd8 35. Be5 Be7 36. Qxa7 Bf8 37. Qb8 Qe7 38. Bg7 Qe1+ 39. Kg2 Qe4+ 40.
Kh2 1-0

[Event "10th Novi Sad it"]
[Site "Novi Sad"]
[Date "1983.10.26"]
[EventDate "1983.10.22"]
[Round "5.6"]
[White "Plachetka, Jan"]
[Black "Petrosian, Arshak"]
[Result "1/2-1/2"]
[WhiteElo "2465"]
[BlackElo "2460"]
[PlyCount "22"]
[Source "Perpetual Check"]

1. d4 d5 2. c4 e6 3. Nc3 Be7 4. Nf3 Nf6 5. Bg5 h6 6. Bh4 O-O 7. e3 b6 8. Bd3
Bb7 9. O-O Nbd7 10. Qe2 c5 11. Rfd1 Ne4 1/2-1/2

[Event "10th Novi Sad it"]
[Site "Novi Sad"]
[Date "1983.10.26"]
[EventDate "1983.10.22"]
[Round "5.7"]
[White "Rakic, Tomislav"]
[Black "Cabrilo, Goran"]
[Result "0-1"]
[WhiteElo "2430"]
[BlackElo "2450"]
[PlyCount "88"]
[Source "Perpetual Check"]

1. d4 Nf6 2. Nf3 e6 3. e3 b6 4. Bd3 Bb7 5. Nbd2 c5 6. O-O Be7 7. Re1 Nc6 8. a3
O-O 9. b3 Qc7 10. Bb2 Rad8 11. Qe2 d5 12. Rad1 Rfe8 13. Ne5 Nxe5 14. dxe5 Ne4
15. Bxe4 dxe4 16. Qg4 Qc6 17. Nc4 Rxd1 18. Rxd1 Rd8 19. Nd6 Rd7 20. h4 Ba8 21.
Rd2 Bf8 22. Nxe4 Rxd2 23. Nxd2 Qd5 24. Bc3 b5 25. f3 a5 26. Kh2 b4 27. axb4
axb4 28. Ne4 f5 29. Nf6+ Kh8 30. Nxd5 fxg4 31. Nc7 gxf3 32. Be1 Be4 33. Nxe6
Be7 34. Nf4 fxg2 35. h5 Kg8 36. c3 c4 37. cxb4 cxb3 38. Bc3 Bxb4 39. Bb2 Bd2
40. Nxg2 Bf3 41. Nf4 Bxe3 42. Kg3 Bd1 43. h6 Bxf4+ 44. Kxf4 gxh6 0-1

[Event "10th Novi Sad it"]
[Site "Novi Sad"]
[Date "1983.10.27"]
[EventDate "1983.10.22"]
[Round "6.1"]
[White "Bjelajac, Milan"]
[Black "Cabrilo, Goran"]
[Result "1-0"]
[WhiteElo "2405"]
[BlackElo "2450"]
[PlyCount "33"]
[Source "Perpetual Check"]

1. e4 c5 2. c3 d5 3. exd5 Qxd5 4. d4 e6 5. Nf3 Nf6 6. Be2 Be7 7. O-O O-O 8. c4
Qd7 9. Nc3 cxd4 10. Nxd4 b6 11. Bf3 Bb7 12. Nf5 Rd8 13. Nxe7+ Qxe7 14. Bxb7 Nc6
15. Bxa8 Rxd1 16. Rxd1 Ne5 17. b3 1-0

[Event "10th Novi Sad it"]
[Site "Novi Sad"]
[Date "1983.10.27"]
[EventDate "1983.10.22"]
[Round "6.2"]
[White "Petrosian, Arshak"]
[Black "Rakic, Tomislav"]
[Result "1/2-1/2"]
[WhiteElo "2460"]
[BlackElo "2430"]
[PlyCount "31"]
[Source "Perpetual Check"]

1. d4 g6 2. c4 Bg7 3. e4 d6 4. Nc3 Nd7 5. Be2 e5 6. Nf3 Ne7 7. O-O O-O 8. Be3
exd4 9. Nxd4 Nc5 10. Qd2 f5 11. exf5 Nxf5 12. Bg5 Bf6 13. Bxf6 Qxf6 14. Rae1
Nxd4 15. Qxd4 a5 16. Qxf6 1/2-1/2

[Event "10th Novi Sad it"]
[Site "Novi Sad"]
[Date "1983.10.27"]
[EventDate "1983.10.22"]
[Round "6.3"]
[White "Jevtic, Miodrag"]
[Black "Plachetka, Jan"]
[Result "1/2-1/2"]
[WhiteElo "2270"]
[BlackElo "2465"]
[PlyCount "32"]
[Source "Perpetual Check"]

1. e4 c6 2. d4 d5 3. exd5 cxd5 4. Bd3 Nc6 5. c3 Qc7 6. h3 e6 7. Nf3 Bd6 8. O-O
Bd7 9. Re1 Nge7 10. Ng5 h6 11. Nf3 O-O 12. Nbd2 f6 13. c4 b6 14. a3 Rad8 15.
Qc2 Rfe8 16. b3 Bc8 1/2-1/2

[Event "10th Novi Sad it"]
[Site "Novi Sad"]
[Date "1983.10.27"]
[EventDate "1983.10.22"]
[Round "6.4"]
[White "Tringov, Georgi"]
[Black "Makarichev, Sergei"]
[Result "1/2-1/2"]
[WhiteElo "2455"]
[BlackElo "2510"]
[PlyCount "30"]
[Source "Perpetual Check"]

1. e4 c5 2. Nf3 Nc6 3. d4 cxd4 4. Nxd4 Nf6 5. Nc3 d6 6. Bg5 e6 7. Qd2 a6 8.
O-O-O h6 9. Be3 Be7 10. Be2 Nxd4 11. Qxd4 e5 12. Qb6 Qxb6 13. Bxb6 Be6 14. f3
Rc8 15. a4 Kd7 1/2-1/2

[Event "10th Novi Sad it"]
[Site "Novi Sad"]
[Date "1983.10.27"]
[EventDate "1983.10.22"]
[Round "6.5"]
[White "Sunye Neto, Jaime"]
[Black "Deze, Anton"]
[Result "1/2-1/2"]
[WhiteElo "2490"]
[BlackElo "2405"]
[PlyCount "94"]
[Source "Perpetual Check"]

1. c4 c5 2. Nc3 Nf6 3. e4 Nc6 4. g3 e6 5. f4 d5 6. e5 d4 7. exf6 dxc3 8. bxc3
Qxf6 9. Nf3 e5 10. Nxe5 Nxe5 11. Qe2 Bd6 12. fxe5 Qxe5 13. Qxe5+ Bxe5 14. Bg2
Rb8 15. O-O O-O 16. Ba3 b6 17. Rae1 Bd6 18. Bd5 Bb7 19. Rf5 Bxd5 20. Rxd5 Rfd8
21. d4 Bf8 22. dxc5 Rxd5 23. cxd5 bxc5 24. Bc1 Bd6 25. Kf2 Kf8 26. Re4 Rb1 27.
Bf4 Bxf4 28. Rxf4 Rd1 29. Ra4 Rxd5 30. Ke3 Rd7 31. Rc4 Re7+ 32. Kd3 Rd7+ 33.
Ke4 Rd2 34. Rxc5 Rxa2 35. Rc7 Rxh2 36. c4 h5 37. c5 h4 38. gxh4 Rxh4+ 39. Kd5
Rh1 40. Rxa7 Rd1+ 41. Ke5 Re1+ 42. Kd6 Rd1+ 43. Kc7 g5 44. c6 Ke7 45. Kb8+ Ke6
46. c7 Rc1 47. Ra1 Rc2 1/2-1/2

[Event "10th Novi Sad it"]
[Site "Novi Sad"]
[Date "1983.10.27"]
[EventDate "1983.10.22"]
[Round "6.6"]
[White "Lazic, Miroljub"]
[Black "Notaros, Krasoje"]
[Result "1/2-1/2"]
[WhiteElo "2305"]
[BlackElo "2355"]
[PlyCount "81"]
[Source "Perpetual Check"]

1. e4 g6 2. d4 Bg7 3. Nf3 c5 4. c3 cxd4 5. cxd4 d6 6. Nc3 Nf6 7. Bb5+ Nfd7 8.
O-O O-O 9. Be3 a6 10. Bd3 Nc6 11. d5 Nce5 12. Nxe5 Nxe5 13. Be2 b5 14. Bd4 Nd7
15. Bxg7 Kxg7 16. Qd4+ f6 17. a4 Nc5 18. Bd1 bxa4 19. Nxa4 Nxa4 20. Bxa4 Rb8
21. Rfc1 Kf7 22. Rc6 Qa5 23. Rc4 Qb6 24. Qxb6 Rxb6 25. b3 a5 26. f3 Ba6 27. Rc6
Rfb8 28. Rxb6 Rxb6 29. Bd7 Rxb3 30. Rxa5 Rb6 31. Be6+ Kg7 32. Ra2 h5 33. h4 Kf8
34. Kf2 Ke8 35. Ke3 Kf8 36. Kf4 Kg7 37. g4 hxg4 38. fxg4 Kh7 39. Rc2 Rb8 40.
Rc7 Rb7 41. Rc8 1/2-1/2

[Event "10th Novi Sad it"]
[Site "Novi Sad"]
[Date "1983.10.27"]
[EventDate "1983.10.22"]
[Round "6.7"]
[White "Petrovic, Vojislav"]
[Black "Bojkovic, Slobodan"]
[Result "1/2-1/2"]
[WhiteElo "2385"]
[BlackElo "2360"]
[PlyCount "80"]
[Source "Perpetual Check"]

1. e4 c5 2. Nf3 e6 3. d4 cxd4 4. Nxd4 a6 5. Bd3 Ne7 6. O-O Ng6 7. Kh1 Bc5 8.
Nb3 Ba7 9. Qh5 d6 10. Bg5 Qc7 11. Nc3 h6 12. Bd2 Nd7 13. f4 Nf6 14. Qe2 h5 15.
e5 Ng4 16. Bxg6 fxg6 17. Ne4 d5 18. Nd6+ Kf8 19. c3 Qe7 20. g3 Bd7 21. Nd4 Kg8
22. h3 Nh6 23. Be3 Bxd4 24. Bxd4 Nf5 25. Rf3 Bc6 26. Kh2 Qd7 27. Rg1 Nxd6 28.
exd6 Qxd6 29. h4 Rf8 30. Re3 Bd7 31. Re5 Rf5 32. Qe3 Kf7 33. Qf3 Qc7 34. Rge1
Qd8 35. Qe3 Re8 36. Qe2 Qc8 37. Qf3 Qc6 38. Rxf5+ exf5 39. Rxe8 Bxe8 40. Qe3
Qe6 1/2-1/2

[Event "10th Novi Sad it"]
[Site "Novi Sad"]
[Date "1983.10.29"]
[EventDate "1983.10.22"]
[Round "7.1"]
[White "Bojkovic, Slobodan"]
[Black "Bjelajac, Milan"]
[Result "1-0"]
[WhiteElo "2360"]
[BlackElo "2405"]
[PlyCount "81"]
[Source "Perpetual Check"]

1. e4 c5 2. Nf3 Nc6 3. c3 e6 4. d4 d5 5. e5 Nge7 6. h4 Qb6 7. dxc5 Qc7 8. Bb5
Bd7 9. Bf4 Ng6 10. Bg3 Bxc5 11. Qe2 h5 12. Nbd2 a6 13. Bd3 Nge7 14. Nb3 Ba7 15.
O-O Nc8 16. Kh1 Qd8 17. Ng5 Qe7 18. Rae1 b5 19. a3 Nb6 20. Qf3 Nc4 21. Re2 Bb8
22. Rfe1 Bc7 23. a4 Bc8 24. axb5 axb5 25. Nd4 Nxd4 26. cxd4 Bb6 27. b3 Na3 28.
Qf4 Bd7 29. Re3 Ba5 30. Rd1 Rh6 31. Rf3 f5 32. exf6 Rxf6 33. Qe3 Rc8 34. Nh7
Rf5 35. Bxf5 exf5 36. Bd6 Qe4 37. Bxa3 b4 38. Ng5 Qxe3 39. Rxe3+ Kf8 40. Bc1 f4
41. Re5 1-0

[Event "10th Novi Sad it"]
[Site "Novi Sad"]
[Date "1983.10.29"]
[EventDate "1983.10.22"]
[Round "7.2"]
[White "Notaros, Krasoje"]
[Black "Petrovic, Vojislav"]
[Result "1-0"]
[WhiteElo "2355"]
[BlackElo "2385"]
[PlyCount "41"]
[Source "Perpetual Check"]

1. Nf3 Nf6 2. g3 g6 3. Bg2 Bg7 4. c4 O-O 5. Nc3 d6 6. d4 Nbd7 7. O-O e5 8. e4
exd4 9. Nxd4 Nc5 10. h3 Re8 11. Re1 a5 12. Rb1 Nfd7 13. Be3 c6 14. f4 a4 15. b4
axb3 16. axb3 Ra3 17. Bf2 f5 18. exf5 gxf5 19. Nxf5 Bxc3 20. Rxe8+ Qxe8 21.
Nxd6 1-0

[Event "10th Novi Sad it"]
[Site "Novi Sad"]
[Date "1983.10.29"]
[EventDate "1983.10.22"]
[Round "7.3"]
[White "Deze, Anton"]
[Black "Lazic, Miroljub"]
[Result "0-1"]
[WhiteElo "2405"]
[BlackElo "2305"]
[PlyCount "72"]
[Source "Perpetual Check"]

1. c4 Nf6 2. Nc3 g6 3. e4 d6 4. d4 Bg7 5. f3 O-O 6. Bg5 c5 7. d5 Nbd7 8. Nh3
Ne5 9. Nf2 h6 10. Be3 e6 11. Qd2 exd5 12. cxd5 Kh7 13. Be2 Rb8 14. O-O Re8 15.
h3 a6 16. f4 Ned7 17. a4 b6 18. Rae1 Qc7 19. b3 Ng8 20. Qc2 c4 21. b4 Bb7 22.
e5 dxe5 23. f5 Ngf6 24. fxg6+ fxg6 25. Nfe4 Nxe4 26. Nxe4 Bxd5 27. Bh5 Qc6 28.
Nc3 e4 29. b5 axb5 30. axb5 Qb7 31. Nxd5 Qxd5 32. Rd1 Qxb5 33. Rf7 Ne5 34. Rc7
gxh5 35. Qxe4+ Ng6 36. Rxg7+ Kxg7 0-1

[Event "10th Novi Sad it"]
[Site "Novi Sad"]
[Date "1983.10.29"]
[EventDate "1983.10.22"]
[Round "7.4"]
[White "Makarichev, Sergei"]
[Black "Sunye Neto, Jaime"]
[Result "1/2-1/2"]
[WhiteElo "2510"]
[BlackElo "2490"]
[PlyCount "29"]
[Source "Perpetual Check"]

1. c4 Nf6 2. Nc3 e6 3. Nf3 Bb4 4. Qc2 b6 5. a3 Bxc3 6. Qxc3 Bb7 7. e3 O-O 8.
Be2 d6 9. O-O Nbd7 10. d3 c5 11. b3 Re8 12. Bb2 e5 13. Rfe1 Rc8 14. Rad1 Nf8
15. b4 1/2-1/2

[Event "10th Novi Sad it"]
[Site "Novi Sad"]
[Date "1983.10.29"]
[EventDate "1983.10.22"]
[Round "7.6"]
[White "Rakic, Tomislav"]
[Black "Jevtic, Miodrag"]
[Result "1-0"]
[WhiteElo "2430"]
[BlackElo "2270"]
[PlyCount "97"]
[Source "Perpetual Check"]

1. d4 Nf6 2. Nf3 g6 3. Nc3 c5 4. d5 d6 5. e4 Bg7 6. Bb5+ Bd7 7. a4 O-O 8. O-O
b6 9. h3 a6 10. Be2 Ra7 11. Bf4 Rb7 12. e5 dxe5 13. Nxe5 Ne8 14. Bf3 Nd6 15.
Nc6 Bxc6 16. dxc6 Ra7 17. Ne4 Qc8 18. Nxd6 exd6 19. Qxd6 Rd8 20. Qxb8 Qxb8 21.
Bxb8 Rxb8 22. c3 Rd8 23. Rfd1 Rxd1+ 24. Rxd1 Bf6 25. Bg4 Rc7 26. Bd7 Kf8 27.
Re1 Be7 28. g4 Ra7 29. Kg2 h6 30. f4 b5 31. Kf3 c4 32. Ra1 b4 33. cxb4 Bxb4 34.
Rc1 c3 35. bxc3 Bd6 36. Rb1 Bc7 37. h4 a5 38. c4 Bd6 39. Ke4 Ke7 40. Re1 Bb4
41. Re3 Kd6 42. Rh3 Ra8 43. h5 Rh8 44. g5 hxg5 45. hxg6 Rf8 46. gxf7 g4 47.
Rh6+ Ke7 48. Be8 g3 49. Kf3 1-0

[Event "10th Novi Sad it"]
[Site "Novi Sad"]
[Date "1983.10.29"]
[EventDate "1983.10.22"]
[Round "7.7"]
[White "Cabrilo, Goran"]
[Black "Petrosian, Arshak"]
[Result "1/2-1/2"]
[WhiteElo "2450"]
[BlackElo "2460"]
[PlyCount "85"]
[Source "Perpetual Check"]

1. e4 c5 2. Nf3 d6 3. d4 cxd4 4. Nxd4 Nf6 5. Nc3 a6 6. Be2 e5 7. Nb3 Be7 8. O-O
O-O 9. Be3 Be6 10. f4 exf4 11. Rxf4 Nc6 12. Nd5 Bxd5 13. exd5 Ne5 14. Rb4 Qc7
15. Bb6 Qc8 16. a4 Bd8 17. Bf2 a5 18. Rf4 g5 19. Rd4 Bb6 20. Kh1 Qf5 21. Bg1
Bxd4 22. Nxd4 Qg6 23. c4 g4 24. Qf1 Rae8 25. Nf5 Ne4 26. Qf4 Nc5 27. Ra3 Ne6
28. dxe6 fxe6 29. Nh6+ Kg7 30. Qd2 Qxh6 31. Qxd6 Nf7 32. Qd4+ e5 33. Qxg4+ Kh8
34. Rg3 Rg8 35. Qd7 Rxg3 36. Qxe8+ Kg7 37. Qb5 Qd2 38. c5 Rg6 39. Bf3 Ng5 40.
Qxb7+ Kh6 41. Qe7 Qf4 42. Bd5 Ne4 43. Bxe4 1/2-1/2

[Event "10th Novi Sad it"]
[Site "Novi Sad"]
[Date "1983.10.30"]
[EventDate "1983.10.22"]
[Round "8.1"]
[White "Bjelajac, Milan"]
[Black "Petrosian, Arshak"]
[Result "0-1"]
[WhiteElo "2405"]
[BlackElo "2460"]
[PlyCount "76"]
[Source "Perpetual Check"]

1. e4 c5 2. c3 d5 3. exd5 Qxd5 4. d4 e6 5. Nf3 Nf6 6. Be2 cxd4 7. cxd4 Be7 8.
O-O O-O 9. Nc3 Qa5 10. Ne5 Bd7 11. Nxd7 Nbxd7 12. Bf3 Rfd8 13. Qe2 Nb6 14. Bxb7
Rab8 15. Bf3 Rxd4 16. Be3 Rd7 17. Rfd1 Nbd5 18. Nxd5 Nxd5 19. Bxd5 Rxd5 20.
Rxd5 Qxd5 21. b3 Qa5 22. Rc1 Rd8 23. g3 h5 24. Rc4 Qe5 25. h4 a5 26. Kg2 g6 27.
Qf3 Rd5 28. Rc8+ Kg7 29. Ra8 Qf5 30. Bf4 Bb4 31. Ra7 Kg8 32. a3 Bxa3 33. Ra8+
Kh7 34. Qc3 e5 35. Qc7 exf4 36. Qd8 Bb2 37. Ra7 Bg7 38. Rxf7 Qe5 0-1

[Event "10th Novi Sad it"]
[Site "Novi Sad"]
[Date "1983.10.30"]
[EventDate "1983.10.22"]
[Round "8.2"]
[White "Jevtic, Miodrag"]
[Black "Cabrilo, Goran"]
[Result "1/2-1/2"]
[WhiteElo "2270"]
[BlackElo "2450"]
[PlyCount "32"]
[Source "Perpetual Check"]

1. e4 c5 2. c3 Nf6 3. e5 Nd5 4. d4 cxd4 5. Nf3 e6 6. cxd4 b6 7. Bd3 Ba6 8. Bxa6
Nxa6 9. Nc3 Nac7 10. O-O Be7 11. Ne4 O-O 12. Bg5 f6 13. exf6 gxf6 14. Bh4 Qe8
15. Rc1 Qg6 16. Nc3 d6 1/2-1/2

[Event "10th Novi Sad it"]
[Site "Novi Sad"]
[Date "1983.10.30"]
[EventDate "1983.10.22"]
[Round "8.3"]
[White "Tringov, Georgi"]
[Black "Rakic, Tomislav"]
[Result "1/2-1/2"]
[WhiteElo "2455"]
[BlackElo "2430"]
[PlyCount "92"]
[Source "Perpetual Check"]

1. e4 c5 2. Nf3 Nc6 3. d4 cxd4 4. Nxd4 Nf6 5. Nc3 d6 6. Bg5 a6 7. Qd2 Nxd4 8.
Qxd4 Qa5 9. Bd2 e5 10. Qd3 Qc5 11. Be3 Qa5 12. Bg5 Be6 13. Bxf6 gxf6 14. Be2
Rd8 15. O-O h5 16. Nd5 Bxd5 17. exd5 h4 18. Bg4 Bh6 19. c3 Qb6 20. b4 Bf4 21.
a4 Rg8 22. Bh3 Kf8 23. Rab1 Re8 24. Rfe1 Re7 25. a5 Qa7 26. Qh7 Rc7 27. Re4 Bg5
28. c4 b6 29. Rd1 bxa5 30. c5 f5 31. Qxf5 Be7 32. cxd6 Bxd6 33. Qf6 Rg6 34.
Qd8+ Kg7 35. Rxh4 Bf8 36. Bf5 Qb6 37. Rh7+ Kxh7 38. Qxf8 Qxb4 39. Bxg6+ fxg6
40. d6 Qd2 41. Qf7+ Kh6 42. Qf8+ Kh7 43. Rf1 Rd7 44. h4 Qxd6 45. Qf3 Qd5 46.
Qe2 Qb5 1/2-1/2

[Event "10th Novi Sad it"]
[Site "Novi Sad"]
[Date "1983.10.30"]
[EventDate "1983.10.22"]
[Round "8.4"]
[White "Sunye Neto, Jaime"]
[Black "Plachetka, Jan"]
[Result "1/2-1/2"]
[WhiteElo "2490"]
[BlackElo "2465"]
[PlyCount "76"]
[Source "Perpetual Check"]

1. c4 g6 2. g3 Bg7 3. Bg2 c5 4. Nc3 Nc6 5. a3 e6 6. Rb1 a5 7. e4 Nge7 8. Nge2
O-O 9. d3 b6 10. O-O Bb7 11. Nb5 d5 12. exd5 exd5 13. Bf4 Na7 14. Nec3 Nxb5 15.
Nxb5 Qd7 16. Re1 Bc6 17. Nc7 Rac8 18. Rxe7 Qxe7 19. cxd5 Be5 20. Qe1 f6 21. Ne6
Rf7 22. Bxe5 fxe5 23. Qxe5 Rf5 24. Qc3 Bxd5 25. Bxd5 Rxd5 26. Re1 Qd7 27. Nf4
Rd6 28. h4 Re8 29. Re5 Rxe5 30. Qxe5 Kf7 31. Qh8 Qe8 32. Qxh7+ Kf8 33. h5 gxh5
34. Nxh5 Qg6 35. Qh8+ Ke7 36. Nf4 Qf6 37. Qg8 Kd7 38. Qb8 Qxb2 1/2-1/2

[Event "10th Novi Sad it"]
[Site "Novi Sad"]
[Date "1983.10.30"]
[EventDate "1983.10.22"]
[Round "8.5"]
[White "Lazic, Miroljub"]
[Black "Makarichev, Sergei"]
[Result "1/2-1/2"]
[WhiteElo "2305"]
[BlackElo "2510"]
[PlyCount "21"]
[Source "Perpetual Check"]

1. e4 c5 2. c3 e6 3. d4 d5 4. exd5 exd5 5. Nf3 Nc6 6. Bb5 Bd6 7. O-O Nge7 8.
dxc5 Bxc5 9. Nbd2 O-O 10. Nb3 Bb6 11. Nfd4 1/2-1/2

[Event "10th Novi Sad it"]
[Site "Novi Sad"]
[Date "1983.10.30"]
[EventDate "1983.10.22"]
[Round "8.6"]
[White "Petrovic, Vojislav"]
[Black "Deze, Anton"]
[Result "1/2-1/2"]
[WhiteElo "2385"]
[BlackElo "2405"]
[PlyCount "49"]
[Source "Perpetual Check"]

1. e4 c5 2. Nf3 Nc6 3. d4 cxd4 4. Nxd4 Nf6 5. Nc3 d6 6. Bg5 e6 7. Qd2 a6 8.
O-O-O Bd7 9. f4 Be7 10. Nf3 b5 11. Bxf6 gxf6 12. Kb1 Qa5 13. g3 Rc8 14. f5 b4
15. fxe6 fxe6 16. Ne2 e5 17. Nc1 Qb6 18. Qh6 Na5 19. Bh3 Qc6 20. Qh5+ Kd8 21.
Nd4 Qc7 22. Bxd7 Kxd7 23. Qg4+ Ke8 24. Ncb3 Nc4 25. Qh5+ 1/2-1/2

[Event "10th Novi Sad it"]
[Site "Novi Sad"]
[Date "1983.10.30"]
[EventDate "1983.10.22"]
[Round "8.7"]
[White "Bojkovic, Slobodan"]
[Black "Notaros, Krasoje"]
[Result "1-0"]
[WhiteElo "2360"]
[BlackElo "2355"]
[PlyCount "79"]
[Source "Perpetual Check"]

1. e4 g6 2. d4 Bg7 3. Nf3 c6 4. Nc3 d5 5. h3 Nf6 6. e5 Ne4 7. Bd3 Nxc3 8. bxc3
c5 9. Bb5+ Nc6 10. O-O O-O 11. a4 Qc7 12. Re1 a6 13. Bxc6 Qxc6 14. a5 cxd4 15.
cxd4 Bf5 16. Ba3 Rfe8 17. Bc5 Qb5 18. g4 Bd7 19. Qd2 Qc4 20. Reb1 Bb5 21. Kg2
Rac8 22. Rb4 Qe2 23. Qxe2 Bxe2 24. Rxb7 e6 25. Ng5 Bf8 26. Re1 Bxc5 27. dxc5
Bc4 28. Nxf7 Rxc5 29. Nh6+ Kh8 30. Nf7+ Kg8 31. Nh6+ Kh8 32. Kg3 Rxa5 33. Kh4
Ra3 34. Re3 Rxe3 35. fxe3 Ra8 36. Kg5 a5 37. Nf7+ Kg8 38. Kh6 Ra6 39. Nd6 a4
40. Rb8# 1-0

[Event "10th Novi Sad it"]
[Site "Novi Sad"]
[Date "1983.10.31"]
[EventDate "1983.10.22"]
[Round "9.1"]
[White "Notaros, Krasoje"]
[Black "Bjelajac, Milan"]
[Result "1/2-1/2"]
[WhiteElo "2355"]
[BlackElo "2405"]
[PlyCount "22"]
[Source "Perpetual Check"]

1. Nf3 c5 2. g3 Nc6 3. Bg2 Nf6 4. c4 g6 5. Nc3 Bg7 6. O-O O-O 7. d4 cxd4 8.
Nxd4 Nxd4 9. Qxd4 d6 10. Bg5 h6 11. Bd2 Be6 1/2-1/2

[Event "10th Novi Sad it"]
[Site "Novi Sad"]
[Date "1983.10.31"]
[EventDate "1983.10.22"]
[Round "9.2"]
[White "Deze, Anton"]
[Black "Bojkovic, Slobodan"]
[Result "1/2-1/2"]
[WhiteElo "2405"]
[BlackElo "2360"]
[PlyCount "20"]
[Source "Perpetual Check"]

1. c4 Nf6 2. Nc3 c6 3. d4 d5 4. cxd5 cxd5 5. Bf4 Bd7 6. e3 g6 7. Nf3 Bg7 8. Bd3
O-O 9. O-O Nc6 10. h3 Rc8 1/2-1/2

[Event "10th Novi Sad it"]
[Site "Novi Sad"]
[Date "1983.10.31"]
[EventDate "1983.10.22"]
[Round "9.3"]
[White "Makarichev, Sergei"]
[Black "Petrovic, Vojislav"]
[Result "1-0"]
[WhiteElo "2510"]
[BlackElo "2385"]
[PlyCount "49"]
[Source "Perpetual Check"]

1. c4 Nf6 2. Nc3 g6 3. e4 d6 4. g3 Bg7 5. Bg2 O-O 6. Nge2 e5 7. O-O Nbd7 8. d3
c6 9. h3 Nc5 10. Be3 Nh5 11. d4 Nd7 12. Qc2 f5 13. exf5 gxf5 14. dxe5 dxe5 15.
f4 exf4 16. Nxf4 Nxf4 17. Bxf4 Ne5 18. Rad1 Qb6+ 19. Kh1 Qb4 20. Rfe1 Nxc4 21.
Nd5 cxd5 22. Bxd5+ Kh8 23. Qxc4 Qxb2 24. Re7 Bf6 25. Qc7 1-0

[Event "10th Novi Sad it"]
[Site "Novi Sad"]
[Date "1983.10.31"]
[EventDate "1983.10.22"]
[Round "9.4"]
[White "Plachetka, Jan"]
[Black "Lazic, Miroljub"]
[Result "1-0"]
[WhiteElo "2465"]
[BlackElo "2305"]
[PlyCount "55"]
[Source "Perpetual Check"]

1. d4 Nf6 2. Nf3 g6 3. c4 Bg7 4. g3 d6 5. Bg2 O-O 6. O-O c6 7. Nc3 Nbd7 8. e4
e5 9. h3 Qb6 10. dxe5 Nxe5 11. Nxe5 dxe5 12. Qc2 Be6 13. Be3 Qc7 14. b3 Nh5 15.
Qe2 Rfd8 16. Rfd1 Bf6 17. b4 Rd4 18. Bxd4 exd4 19. Na4 d3 20. Qxd3 Bxa1 21.
Rxa1 Rd8 22. Qc3 Qd6 23. Nc5 Bc8 24. e5 Qd4 25. Qxd4 Rxd4 26. Rc1 Ng7 27. b5
cxb5 28. cxb5 1-0

[Event "10th Novi Sad it"]
[Site "Novi Sad"]
[Date "1983.10.31"]
[EventDate "1983.10.22"]
[Round "9.6"]
[White "Cabrilo, Goran"]
[Black "Tringov, Georgi"]
[Result "1-0"]
[WhiteElo "2450"]
[BlackElo "2455"]
[PlyCount "81"]
[Source "Perpetual Check"]

1. e4 c5 2. Nf3 d6 3. d4 cxd4 4. Nxd4 Nf6 5. Nc3 a6 6. Be2 Nbd7 7. Be3 g6 8. f3
Qc7 9. Qd2 b5 10. a4 bxa4 11. Rxa4 Bg7 12. O-O O-O 13. Rfa1 Nc5 14. R4a2 Rb8
15. Nd5 Nxd5 16. exd5 Bb7 17. b4 e5 18. Nc6 Bxc6 19. bxc5 Bb7 20. c6 Bc8 21. c3
e4 22. f4 Rb3 23. Rc1 Qb8 24. Bc4 Rb1 25. Qc2 Rxc1+ 26. Qxc1 h5 27. Rb2 Qc7 28.
Rb6 Bh6 29. Qb1 Qa7 30. Qxe4 Bf5 31. Qf3 Re8 32. Qf2 Re4 33. Bf1 a5 34. Bd4
Rxf4 35. Rb7 Qa8 36. Qb2 Bf8 37. Rb8 Rxf1+ 38. Kxf1 Qa6+ 39. Kf2 Qc4 40. Qe2
Qxd5 41. Qe7 1-0

[Event "10th Novi Sad it"]
[Site "Novi Sad"]
[Date "1983.10.31"]
[EventDate "1983.10.22"]
[Round "9.7"]
[White "Petrosian, Arshak"]
[Black "Jevtic, Miodrag"]
[Result "1-0"]
[WhiteElo "2460"]
[BlackElo "2270"]
[PlyCount "119"]
[Source "Perpetual Check"]

1. d4 Nf6 2. c4 g6 3. Nc3 d5 4. Nf3 Bg7 5. Qb3 dxc4 6. Qxc4 O-O 7. e4 Bg4 8.
Be3 Nfd7 9. Rd1 Nc6 10. e5 Nb6 11. Qb3 Na5 12. Qb5 Nc6 13. Be2 a6 14. Qc5 Nd7
15. Qd5 Bf5 16. Qb3 Nb6 17. Nh4 Bc8 18. f4 e6 19. Nf3 Nd5 20. Bc1 Nce7 21. O-O
b6 22. Ne4 Bb7 23. Bd3 Qd7 24. Bb1 Rfd8 25. Qc2 a5 26. Qf2 Ba6 27. Rfe1 a4 28.
g4 Bb7 29. Qh4 Qc6 30. Rf1 h6 31. a3 Kf8 32. Ng3 Bc8 33. Rf2 b5 34. Rdf1 Bd7
35. f5 exf5 36. Bxh6 f4 37. Ne4 g5 38. Bxg5 Ng6 39. Qh7 Bxg4 40. Bxd8 Rxd8 41.
Nh4 Nge7 42. Nf6 Bxf6 43. exf6 Qxf6 44. Ng2 Qxd4 45. Nxf4 Nxf4 46. Qh6+ Qg7 47.
Qxg7+ Kxg7 48. Rxf4 Be6 49. Be4 c5 50. Kg2 Rd2+ 51. R1f2 Rd6 52. Kf1 f5 53. Bc2
Kf6 54. Ke1 Rd5 55. Rd2 Re5+ 56. Re2 Rd5 57. Rh4 Bf7 58. Rh6+ Ng6 59. Rg2 c4
60. h4 1-0